000 00581nam a2200169Ia 4500
003 GCL
008 140319s9999 xx 000 0 ara d
040 _aGCL /
_cGCL
082 0 4 _aق
_b932.09
_bو ه
100 1 _aوهيب كامل
245 1 0 _aهيرودوت فى مصر: القرن الخامس قبل الميلاد /
_cوهيب كامل
300 _a155 ص
490 _aالهيئة العامة للاستعلامات
_v0
650 0 4 _aمصر القديمة - تاريخ - العصر اليونانى
650 0 4 _aمصر القديمة - تاريخ
942 _2ddc
_cBK
999 _c49855
_d49855